MyGZULibrary

Personality psychology : (Record no. 195)

MARC details
000 -LEADER
fixed length control field 01372cam a2200337 a 4500
001 - CONTROL NUMBER
control field 14501442
003 - CONTROL NUMBER IDENTIFIER
control field GZU
005 - DATE AND TIME OF LATEST TRANSACTION
control field 20200710082158.0
008 - FIXED-LENGTH DATA ELEMENTS--GENERAL INFORMATION
fixed length control field 060816s2008 maua b 001 0 eng
010 ## - LIBRARY OF CONGRESS CONTROL NUMBER
LC control number 2006047327
020 ## - INTERNATIONAL STANDARD BOOK NUMBER
International Standard Book Number 0073531901 (alk. paper)
020 ## - INTERNATIONAL STANDARD BOOK NUMBER
International Standard Book Number 9780073531908 (alk. paper)
035 ## - SYSTEM CONTROL NUMBER
System control number (OCoLC)ocm71223447
035 ## - SYSTEM CONTROL NUMBER
System control number (OCoLC)71223447
040 ## - CATALOGING SOURCE
Original cataloging agency DLC
Transcribing agency DLC
Modifying agency BAKER
-- YDXCP
-- BTCTA
-- IPL
-- DLC
050 00 - LIBRARY OF CONGRESS CALL NUMBER
Classification number BF698
Item number .1 LAR 2008
082 00 - DEWEY DECIMAL CLASSIFICATION NUMBER
Classification number 155.2
Edition number 22
100 1# - MAIN ENTRY--PERSONAL NAME
Personal name Larsen, Randy J.
245 10 - TITLE STATEMENT
Title Personality psychology :
Remainder of title domains of knowledge about human nature /
Statement of responsibility, etc. Randy J. Larsen, David M. Buss.
250 ## - EDITION STATEMENT
Edition statement 3rd ed.
260 ## - PUBLICATION, DISTRIBUTION, ETC.
Place of publication, distribution, etc. Boston :
Name of publisher, distributor, etc. McGraw Hill,
Date of publication, distribution, etc. c2008.
300 ## - PHYSICAL DESCRIPTION
Extent xxiii, 759 p. :
Other physical details ill. (chiefly col.) ;
Dimensions 26 cm.
504 ## - BIBLIOGRAPHY, ETC. NOTE
Bibliography, etc. note Includes bibliographical references (p. 703-738) and indexes.
650 #0 - SUBJECT ADDED ENTRY--TOPICAL TERM
Topical term or geographic name entry element Personality
Form subdivision Textbooks.
700 1# - ADDED ENTRY--PERSONAL NAME
Personal name Buss, David M.
856 41 - ELECTRONIC LOCATION AND ACCESS
Materials specified Table of contents only
Uniform Resource Identifier <a href="http://www.loc.gov/catdir/enhancements/fy0665/2006047327-t.html">http://www.loc.gov/catdir/enhancements/fy0665/2006047327-t.html</a>
856 42 - ELECTRONIC LOCATION AND ACCESS
Materials specified Publisher description
Uniform Resource Identifier <a href="http://www.loc.gov/catdir/enhancements/fy0701/2006047327-d.html">http://www.loc.gov/catdir/enhancements/fy0701/2006047327-d.html</a>
906 ## - LOCAL DATA ELEMENT F, LDF (RLIN)
a 7
b cbc
c orignew
d 1
e ocip
f 20
g y-gencatlg
942 ## - ADDED ENTRY ELEMENTS (KOHA)
Source of classification or shelving scheme Library of Congress Classification
Koha item type Books
Edition 3rd ed.
Classification part 698.1
Item part LAR
Call number prefix BF
Holdings
Withdrawn status Lost status Damaged status Not for loan Collection code Home library Current library Shelving location Date acquired Total Checkouts Full call number Barcode Date last seen Copy number Price effective from Koha item type Date last checked out Source of classification or shelving scheme
        Non-fiction City Campus Library City Campus Library General Stacks 07/10/2020   BF 698.1 LAR 2008 007964 07/10/2020 c.1 07/10/2020 Books    
        Non-fiction City Campus Library City Campus Library General Stacks 07/10/2020   BF 698.1 LAR 2008 007066 07/10/2020 c.2 07/10/2020 Books    
        Non-fiction City Campus Library City Campus Library General Stacks 07/10/2020   BF 698.1 LAR 2008 007094 07/10/2020 c.3 07/10/2020 Books    
        Non-fiction City Campus Library City Campus Library General Stacks 07/10/2020   BF 698.1 LAR 2008 007981 07/10/2020 c.4 07/10/2020 Books    
        Non-fiction City Campus Library City Campus Library General Stacks 07/10/2020   BF 698.1 LAR 2008 007100 07/10/2020 c.5 07/10/2020 Books    
        Non-fiction City Campus Library City Campus Library General Stacks 07/10/2020   BF 698.1 LAR 2008 007976 07/10/2020 c.6 07/10/2020 Books    
        Non-fiction City Campus Library City Campus Library General Stacks 07/10/2020   BF 698.1 LAR 2008 007067 07/10/2020 c.7 07/10/2020 Books    
        Non-fiction City Campus Library City Campus Library General Stacks 07/10/2020   BF 698.1 LAR 2008 007978 07/10/2020 c.8 07/10/2020 Books    
        Non-fiction City Campus Library City Campus Library General Stacks 07/10/2020   BF 698.1 LAR 2008 007967 07/10/2020 c.9 07/10/2020 Books    
        Non-fiction City Campus Library City Campus Library General Stacks 07/10/2020 1 BF 698.1 LAR 2008 007969 03/19/2025 c.10 07/10/2020 Books 03/11/2025  
        Non-fiction City Campus Library City Campus Library General Stacks 07/10/2020   BF 698.1 LAR 2008 007974 07/10/2020 c.11 07/10/2020 Books    
        Non-fiction City Campus Library City Campus Library General Stacks 07/10/2020   BF 698.1 LAR 2008 007977 07/10/2020 c.12 07/10/2020 Books    
        Non-fiction City Campus Library City Campus Library General Stacks 07/10/2020   BF 698.1 LAR 2008 007970 07/10/2020 c.13 07/10/2020 Books    
        Non-fiction City Campus Library City Campus Library General Stacks 07/10/2020   BF 698.1 LAR 2008 007968 07/10/2020 c.14 07/10/2020 Books    
        Non-fiction City Campus Library City Campus Library General Stacks 07/10/2020   BF 698.1 LAR 2008 007099 07/10/2020 c.15 07/10/2020 Books    
        Non-fiction City Campus Library City Campus Library General Stacks 07/10/2020   BF 698.1 LAR 2008 007095 07/10/2020 c.16 07/10/2020 Books    
        Non-fiction City Campus Library City Campus Library General Stacks 07/10/2020   BF 698.1 LAR 2008 007098 07/10/2020 c.17 07/10/2020 Books    
        Non-fiction City Campus Library City Campus Library General Stacks 07/10/2020   BF 698.1 LAR 2008 007966 07/10/2020 c.18 07/10/2020 Books    
        Non-fiction City Campus Library City Campus Library General Stacks 07/10/2020   BF 698.1 LAR 2008 007093 07/10/2020 c.19 07/10/2020 Books    
        Non-fiction City Campus Library City Campus Library General Stacks 07/10/2020   BF 698.1 LAR 2008 007973 07/10/2020 c.20 07/10/2020 Books    
        Non-fiction City Campus Library City Campus Library General Stacks 07/14/2020   BF698.1 LAR 2008 007975 07/14/2020 c. 21 07/14/2020 Books    
        Non-fiction City Campus Library City Campus Library General Stacks 01/17/2024   BF 698.1 LAR 2008 007965 01/17/2024 c.25 01/17/2024 Books   Library of Congress Classification
        Non-fiction Mashava Campus Library Mashava Campus Library General Stacks 05/03/2021   BF698.1 LAR 2008 007980 05/03/2021 C22 05/03/2021 Books    
        Non-fiction Mashava Campus Library Mashava Campus Library General Stacks 05/03/2021   BF698.1 LAR 2008 007097 05/03/2021 C23 05/03/2021 Books    
        Non-fiction Mashava Campus Library Mashava Campus Library General Stacks 05/03/2021   BF698.1 LAR 2008 007971 05/03/2021 C24 05/03/2021 Books